000 00701nam a2200241Ia 4500
003 OSt
005 20220928105601.0
006 a|||||r|||| 00| 0
007 ta
008 220927b |||||||| |||| 00| 0 eng d
024 _a53856
037 _cTextual
040 _aSDCL
_cSDCL
_beng
041 _2eng
_aeng
082 _aX81:8, P5
100 _aVerma Sawalia Bihari Ed.
_9415897
245 0 _aFinancial reforms and risk management.
260 _aJaipur
_bPointer Publishers
_c2005
300 _a370p
_ccm.
700 _a Tukaram Pawar Yashwant Ed.
_9415898
942 _hX81:8, P5
_cTEXL
_2CC
999 _c731799
_d731799